La haine de la culture : Pourquoi les démocraties ont besoin de citoyens cultivés (notice n° 1949674)

détails MARC
000 -LEADER
fixed length control field 01402cam a2200133 4500500
005 - DATE AND TIME OF LATEST TRANSACTION
control field 20260329031818.0
041 ## - LANGUAGE CODE
Language code of text/sound track or separate title fre
042 ## - AUTHENTICATION CODE
Authentication code dc
100 10 - MAIN ENTRY--PERSONAL NAME
Personal name Liessmann, Konrad Paul
Relator term author
245 00 - TITLE STATEMENT
Title La haine de la culture : Pourquoi les démocraties ont besoin de citoyens cultivés
260 ## - PUBLICATION, DISTRIBUTION, ETC.
Name of publisher, distributor, etc. Armand Colin,<br/>
Date of publication, distribution, etc. 2020.<br/>
520 ## - SUMMARY, ETC.
Summary, etc. Tout le monde parle de culture, de formation, d’éducation. C’est devenu une doctrine laïque du salut permettant de résoudre tous les problèmes – de la lutte contre la pauvreté à l’intégration des migrants, du changement climatique à la lutte contre le terrorisme. Mais alors que la culture est un slogan omniprésent dans notre société, les revendications culturelles sérieuses sont ressenties comme des provocations élitistes issues d’un âge révolu. Konrad Paul Liessmann dénonce la barbarie intellectuelle engendrée par le primat de l’économie et de la technologie, particulièrement dévastateur depuis l’avènement du réseau informatique mondial. Réfléchissant au discours moralisateur du politiquement correct, qui confond instruction et compétences, il pointe un renversement des valeurs – mortel pour l’Europe et la liberté – conduisant à une véritable haine de la formation classique du citoyen.
856 41 - ELECTRONIC LOCATION AND ACCESS
Uniform Resource Identifier <a href="https://shs.cairn.info/la-haine-de-la-culture--9782200627928?lang=fr&redirect-ssocas=7080">https://shs.cairn.info/la-haine-de-la-culture--9782200627928?lang=fr&redirect-ssocas=7080</a>

Pas d'exemplaire disponible.

PLUDOC

PLUDOC est la plateforme unique et centralisée de gestion des bibliothèques physiques et numériques de Guinée administré par le CEDUST. Elle est la plus grande base de données de ressources documentaires pour les Étudiants, Enseignants chercheurs et Chercheurs de Guinée.

Adresse

627 919 101/664 919 101

25 boulevard du commerce
Kaloum, Conakry, Guinée

Réseaux sociaux

Powered by Netsen Group @ 2025